BIBLIOTECA

SENCICO

Ingeniería mecánica : Estática (Registro nro. 1009)

Detalles MARC
000 -LEADER
fixed length control field 00846nam a2200253Ia 4500
005 - DATE AND TIME OF LATEST TRANSACTION
control field 20251020182456.0
008 - FIXED-LENGTH DATA ELEMENTS--GENERAL INFORMATION
fixed length control field 200515s9999 xx 000 0 und d
020 ## - INTERNATIONAL STANDARD BOOK NUMBER
International Standard Book Number 84-291-4255-X
082 ## - DEWEY DECIMAL CLASSIFICATION NUMBER
Classification number 624.0412/R59
100 ## - MAIN ENTRY--PERSONAL NAME
Personal name Riley, William F.
100 ## - MAIN ENTRY--PERSONAL NAME
Personal name Sturges, Leroy D.
245 #0 - TITLE STATEMENT
Title Ingeniería mecánica : Estática
260 ## - PUBLICATION, DISTRIBUTION, ETC.
Place of publication, distribution, etc. Barcelona
260 ## - PUBLICATION, DISTRIBUTION, ETC.
Name of publisher, distributor, etc. REVERTÉ
260 ## - PUBLICATION, DISTRIBUTION, ETC.
Date of publication, distribution, etc. 1995
300 ## - PHYSICAL DESCRIPTION
Extent 616 p.
300 ## - PHYSICAL DESCRIPTION
Other physical details il., col., graf.
500 ## - GENERAL NOTE
General note 1 ejemplar
520 ## - SUMMARY, ETC.
Summary, etc. Este tomo de estática se divide en 11 capítulos. Los seis primeros se utilizan para desarrollar conceptos fundamentales y el principio de equilibrio. Este principio se aplica después de una amplia gama de problemas en los capítulos 7, 8 y 9. En el capítul
650 ## - SUBJECT ADDED ENTRY--TOPICAL TERM
Topical term or geographic name entry element ESTATICA
650 ## - SUBJECT ADDED ENTRY--TOPICAL TERM
Topical term or geographic name entry element INGENIERIA MECANICA
942 ## - ADDED ENTRY ELEMENTS (KOHA)
Koha item type Libros
Existencias
Fecha de la última vez que lo usaron Pago total Signatura topográfica completa Código de barras Precio efectivo desde Tipo de documento Estado perdido Estado dañado No es para préstamo Retirado Ubicación permanente Ubicación actual Fecha de adquisición
15/05/2020   624.0412/R59 Bib-Lima15051009 15/05/2020 Libros         Biblioteca Central Lima Biblioteca Central Lima 15/05/2020